<?xml version="1.0" encoding="UTF-8"?>
<collection xmlns="http://www.loc.gov/MARC21/slim">
  <record>
    <leader>00000nam  2200000   4500</leader>
    <controlfield tag="001">INLIS00000000000005</controlfield>
    <controlfield tag="005">20260702043538</controlfield>
    <datafield tag="020" ind1="#" ind2="#">
      <subfield code="a">978-623-7498-90-2</subfield>
    </datafield>
    <datafield tag="082" ind1="#" ind2="#">
      <subfield code="a">027.377</subfield>
    </datafield>
    <datafield tag="100" ind1="1" ind2="#">
      <subfield code="a">Dr.H.C.Hery, S.E., M.Si.,Crp.,Rsa.,Cfrm,Ciisa,Cifrs.</subfield>
    </datafield>
    <datafield tag="245" ind1="1" ind2=" ">
      <subfield code="a">Analisis Detail Dan Mendalam Atas Data Kuantitatif Laporan Keuangan /</subfield>
      <subfield code="c">Dr.H.C.Hery, S.E., M.Si.,Crp.,Rsa.,Cfrm,Ciisa,Cifrs.</subfield>
    </datafield>
    <datafield tag="300" ind1="#" ind2="#">
      <subfield code="a">viii + 116 ; 16 x 23 cm</subfield>
    </datafield>
  </record>
</collection>
